00564nam a2200181Ia 4500001002500000003000900025008004100034040002300075041001300098100002400111245003500135250001200170260002700182300002500209490000900234501012400243520001500367709.45-ARG gi st (22317)IT-MiSPE171229s9999||||xx |||||||||||||| ||und|| aIT-MiSPEcIT-MiSPE aITALIANO aGiulio Carlo Argan  0aStoria dell'arte italianabII. a8 rist. aFirenzebSansonic1977 a388 p. [3 v.]c24 cm v 2° aEdizioni San Paolo srl - Piazza Soncino, 5 - 20092 CINISELLO BALSAMO (MI) (non commercial uses only) ® Copyright 2018 aIll., tav.